Statistiques concernant Joueuses de Tennis numéros 1 mondiales (WTA)

Cliquez ici pour prendre le quiz!

Statistiques générales

  • Ce quiz a été pris 4 097 fois
    (3 343 depuis la dernière actualisation)
  • Le résultat moyen est 13 sur 29

Statistiques - réponses

PremièrePaysJoueur% Correct
2002États-UnisSerena Williams
89%
2002États-UnisVenus Williams
88%
2022PologneIga Świątek
77%
2004FranceAmélie Mauresmo
68%
2019JaponNaomi Osaka
68%
2023BiélorussieAryna Sabalenka
67%
2003BelgiqueJustine Henin
65%
2005RussieMaria Sharapova
65%
2017RoumanieSimona Halep
62%
1987AllemagneSteffi Graf
54%
2019AustralieAshleigh Barty
47%
2017EspagneGarbiñe Muguruza
43%
2012BiélorussieVictoria Azarenka
43%
2010DanemarkCaroline Wozniacki
41%
1978États-UnisMartina Navratilova
41%
2016AllemagneAngelique Kerber
38%
1997SuisseMartina Hingis
37%
1991YougoslavieMonica Seles
37%
2003BelgiqueKim Clijsters
34%
2008SerbieAna Ivanovic
30%
1975États-UnisChris Evert
29%
1995EspagneArantxa Sánchez Vicario
26%
1998
États-UnisLindsay Davenport
23%
2009RussieDinara Safina
22%
2017TchéquieKarolína Plíšková
22%
2008SerbieJelena Janković
19%
2001États-UnisJennifer Capriati
19%
1976
AustralieEvonne Goolagong
11%
1980États-UnisTracy Austin
8%

Distribution des résultats

Percentile par nombre de réponses

% des personnes avec chaque résultat

Votre développement - résultats

Vous n’avez pas pris ce quiz depuis la dernière actualisation